Loading...
Fine Arts - Classical Music | 8 | 11.25 | 75% | 38% | 0% |
Fine Arts - Other Fine Arts | 4 | 17.50 | 75% | 100% | 0% |
Fine Arts - Painting & Sculpture | 4 | 20.00 | 100% | 100% | 0% |
History - American History | 3 | 10.00 | 100% | 0% | 0% |
History - European History | 5 | 16.00 | 100% | 40% | 20% |
History - Other History | 4 | 15.00 | 100% | 25% | 25% |
History - World History | 5 | 16.00 | 80% | 40% | 40% |
Literature - American Literature | 5 | 12.00 | 100% | 20% | 0% |
Literature - British Literature | 7 | 10.00 | 100% | 0% | 0% |
Literature - European Literature | 2 | 10.00 | 100% | 0% | 0% |
Literature - World Literature | 6 | 10.00 | 83% | 17% | 0% |
Mythology | 8 | 10.00 | 75% | 25% | 0% |
Other | 5 | 18.00 | 100% | 80% | 0% |
Philosophy | 3 | 13.33 | 100% | 33% | 0% |
Religion | 8 | 16.25 | 100% | 50% | 13% |
Science - Biology | 5 | 8.00 | 80% | 0% | 0% |
Science - Chemistry | 4 | 7.50 | 50% | 25% | 0% |
Science - Other Science | 7 | 7.14 | 71% | 0% | 0% |
Science - Physics | 5 | 4.00 | 20% | 20% | 0% |
Social Science | 3 | 16.67 | 100% | 67% | 0% |